[Event "World Amateur-ch"]
[Site "Chalkidiki"]
[Date "2015.04.15"]
[Round "2"]
[White "Germen, Yanay"]
[Black "Dogan, Mire Deniz"]
[Result "0-1"]
[WhiteElo "1952"]
[BlackElo "1815"]
[PlyCount "50"]
[EventDate "2015.04.14"]
[EventType "team-swiss"]
[EventRounds "9"]
[EventCountry "GRE"]
[SourceTitle "CBM 166 Extra"]
[Source "ChessBase"]
[SourceDate "2015.06.18"]
[SourceVersion "1"]
[SourceVersionDate "2015.06.18"]
[SourceQuality "1"]

1. e4 e6 2. g3 d5 3. Nc3 dxe4 4. Nxe4 Bd7 5. Bg2 Bc6 6. f3 f5 7. Nf2 Nf6 8. Ne2 Bd6 9. 0-0 0-0 10. Nd4 Bd5 11. Re1 Qd7 12. f4 Bc5 13. Bxd5 Qxd5 14. Nxe6 Bxf2+ 15. Kxf2 Ne4+ 16. Rxe4 fxe4 17. Nxf8 Nc6 18. Nxh7 e3+ 19. Kxe3 Qg2 20. Qh5 Qg1+ 21. Ke4 Qe1+ 22. Kd3 Rd8+ 23. Kc3 Qe4 24. a3 Rd5 25. Ng5 Rc5+ 0-1